La guerra de la mercadotecnia (Registro nro. 21605)

Detalles MARC
000 -Cabecera
Campo de control interno 00847nam a2200241Ia 4500
005 - Fecha y hora del registro
control field 20260416142508.0
008 - Elementos de Longitud Fija
fixed length control field 260320s9999||||xx |||||||||||||| ||und||
020 ## - ISBN
ISBN 9684519982
041 ## - Idioma
Codigo Idioma ESP
082 ## - DEWEY y NOTACIÓN INTERNA
Dewey 658.8
Notación Interna R56
100 ## - AUTOR
Autor denominación Ries, Al,
Término de relación autor
245 #0 - TÍTULO DE MATERIAL BIBLIOGRÁFICO
Título La guerra de la mercadotecnia
260 ## - CIUDAD, EDITORIAL, AÑO
Ciudad México :
Nombre de la Editorial McGraw-Hill,
Año 1990
300 ## - DESCRIPCIÓN
N° Páginas xii, 213 páginas :
Dimensiones 21 cm.
650 ## - TEMAS
Temas Tecnología (Ciencias Aplicadas)
653 ## - DESCRIPTORES
Lenguajes no controlado Estrategia de marketing; Análisis de mercadeo
654 ## - PROGRAMAS
Programa Dpto. de Administración de Negocios
700 ## - OTROS AUTORES
Otros autores Trout, Jack,
Títulos y otras palabras asociadas con el nombre autor
856 ## - URL - UBICACIÓN
URI/URL: Enlace exacto del recurso <a href="https://0u20ywqwm-y-https-www-bibliotechnia-com-mx.itmsp.museknowledge.com/">https://0u20ywqwm-y-https-www-bibliotechnia-com-mx.itmsp.museknowledge.com/</a>
Nota pública: Versión digital <a href="Véase además: Base de datos BiblioTechnia">Véase además: Base de datos BiblioTechnia</a>
856 ## - URL - UBICACIÓN
URI/URL: Enlace exacto del recurso <a href="https://0u20fwqwn-y-https-research-ebsco-com.itmsp.museknowledge.com/c/qxo6us/search">https://0u20fwqwn-y-https-research-ebsco-com.itmsp.museknowledge.com/c/qxo6us/search</a>
Nota pública: Versión digital <a href="Véase además: Base de datos EBSCOhost">Véase además: Base de datos EBSCOhost</a>
942 ## - ELEMENTOS DE KOHA
Tipo de documento Libro
Nombre del creador Justo Noguera
Código de catalogador Margarita Torres
Esquema de clasificación Dewey Decimal Classification
Existencias
Codigo completo Registro Colección Copia número Disponibilidad Tipo de préstamo Biblioteca Actual Procedencia (Biblioteca) Ubicacón Fecha Ingreso Tipo de Adquisición Observación Date last seen Total checkouts Price effective from Tipo de Item Estado del Material Fuente de Clasificación Damaged status Withdrawn status
658.8 R56 1084983 Universidad Católica San Pablo 1 Disponible Disponible Víctor Andrés Belaunde Víctor Andrés Belaunde Planta baja cerrada 10/03/2026 Compra Contabilidad 20/03/2026   20/03/2026 Libro Bueno Dewey Decimal Classification